Can you name the states of USA by capital - Statistics

General Stats
  • This quiz has been taken 79 times
  • The average score is 37 of 50
Answer Stats
Capital State % Correct
Phoenix Arizona
95%
Sacramento California
93%
Denver Colorado
92%
Tallahassee Florida
91%
Atlanta Georgia
91%
Montgomery Alabama
89%
Juneau Alaska
89%
Little Rock Arkansas
89%
Boise Idaho
88%
Hartford Connecticut
87%
Honolulu Hawaii
87%
Indianapolis Indiana
87%
Dover Delaware
81%
Oklahoma City Oklahoma
79%
Austin Texas
79%
Des Moines Iowa
77%
Albany New York
77%
Nashville Tennessee
77%
Jackson Mississippi
76%
Trenton New Jersey
76%
Santa Fe New Mexico
76%
Topeka Kansas
75%
Augusta Maine
75%
Boston Massachusetts
75%
Raleigh North Carolina
75%
Columbus Ohio
75%
Columbia South Carolina
75%
Frankfort Kentucky
73%
Helena Montana
73%
Bismarck North Dakota
73%
Salem Oregon
73%
Pierre South Dakota
73%
Baton Rouge Louisiana
72%
Providence Rhode Island
72%
Salt Lake City Utah
72%
Olympia Washington
72%
St. Paul Minnesota
71%
Jefferson City Missouri
71%
Carson City Nevada
71%
Madison Wisconsin
71%
Cheyenne Wyoming
71%
Lansing Michigan
69%
Concord New Hampshire
69%
Annapolis Maryland
68%
Lincoln Nebraska
68%
Harrisburg Pennsylvania
68%
Montpelier Vermont
68%
Springfield Illinos
12%
Richmond Virgiana
1%
Charleston West Virgiana
1%
No matching quizzes found
Score Distribution
Percent of People with Each Score
Percentile by Number Answered
Your Score History
You have not taken this quiz